| 000 | 00664nam a2200229Ia 4500 | ||
|---|---|---|---|
| 003 | OSt | ||
| 005 | 20260417173227.0 | ||
| 006 | a|||||r|||| 00| 0 | ||
| 007 | ta | ||
| 008 | 220926b |||||||| |||| 00| 0 eng d | ||
| 024 | _a65404 | ||
| 037 | _cTheses | ||
| 040 |
_aCRL _cCRL _beng |
||
| 041 |
_2eng _aeng |
||
| 100 |
_aBhavani Dasari Adi Au. _9554061 |
||
| 110 |
_aUniversity of Delhi. Dept. of Economic _9554062 |
||
| 245 | 0 | _aSame economic aspectsof the modern small scale under strips in India | |
| 260 | _c1989 | ||
| 700 |
_aUniversity of Delhi. Dept. of Economic _9554063 |
||
| 942 |
_cTH _2CC |
||
| 999 |
_c886401 _d886401 |
||